000 00691nam a2200193Ia 4500
005 20241112115016.0
008 210716s1989 xx 000 0 und d
040 _cAIMIT LIBRARY
041 _aeng
082 _a005.135
_21
_bRICR
100 _aRichards, Roy Martin.
_9185027
245 _aMicrocomputing in cobol:
_bstructured interactive applications /
_cBy Roy Martin Richards.
250 _a1st ed.
260 _aNew Delhi :
_bGalgotia Publication Pvt Ltd ;
_c1989.
300 _axii,326p. ;
_bPB
_c27 cm.
650 _aCobol programming in the interactive environment
_9185028
650 _aIdentification and environment divisions
_9185029
942 _2ddc
_cBK
_e1st ed.
_k005.135 RICR
999 _c181491
_d181491